| 000 | 00679nam a2200205 a 4500 | ||
|---|---|---|---|
| 001 | 000008400 | ||
| 005 | 20250205092106.0 | ||
| 008 | 090916s1996 dr a 000 0 spa d | ||
| 020 | _a8484001954 | ||
| 040 |
_aDO-SdBNP _bspa _cBNPHU |
||
| 082 |
_aRD866.44 _bR934c |
||
| 100 | 1 |
_aRuiz de Catrain, María Teresa _922649 |
|
| 245 | 1 | 0 |
_aCartas a mi hijo / _cMaría Teresa Ruiz de Catrain. |
| 260 |
_aSanto Domingo : _bTaller, _c1996. |
||
| 300 |
_a98 p. : _bil. ; _c23 cm. |
||
| 600 | 1 | 4 |
_aRUIZ DE CATRAIN, MARÍA TERESA, _xCORRESPONDENCIAS, MEMORIAS, ETC. _922650 |
| 650 | 4 |
_aCartas dominicanas _914827 |
|
| 650 | 4 |
_aMadre e hijo _922651 |
|
| 910 | _aValidado. Control de calidad BNPHU | ||
| 999 |
_c8171 _d8171 |
||